| 000 | 00812nam a22002417a 4500 | ||
|---|---|---|---|
| 005 | 20170124105927.0 | ||
| 010 | _aB-19710 | ||
| 020 |
_c00.00 _a8187317744 |
||
| 035 | _aB-19710 | ||
| 037 | _bCen Lib/Ret | ||
| 040 |
_aDPL _bEN |
||
| 082 |
_a305.4 _bGYA |
||
| 100 |
_aGyanendra, Gautam _96884 |
||
| 245 |
_aWomen and home based production / _cby Gautam Gyanendra [and] Ruchi Ghosh Dastidar |
||
| 260 |
_aNew Delhi _bRajat Publications _c2000 |
||
| 270 |
_a4675/21, Ansari Road _bNew Delhi _e110002 |
||
| 300 |
_axix,289p. : _c21cm(Hb) |
||
| 500 | _aIncludes bibliographical references and index | ||
| 650 |
_aWomen -- India -- Social conditions _96885 |
||
| 650 |
_aWomen -- India -- Economic conditions _96886 |
||
| 700 |
_aDastidar, Ruchi Ghosh _96889 |
||
| 942 |
_2ddc _cEN _h305.4 _mGYA |
||
| 999 |
_c123562 _d123562 |
||